000 00250nam a2200097Ia 4500
008 120527s9999 xx 000 0 und d
100 _aHANGMANN, Jurgen
245 _aLearning together through participatory extension
260 _bAgritex
942 _cBK
999 _c25094
_d25094